[Event "19th Bangkok Open 2019"]
[Site "Bangkok"]
[Date "2019.04.14"]
[Round "9.3"]
[White "Short, Nigel D"]
[Black "Lou, Yiping"]
[Result "1/2-1/2"]
[WhiteElo "2636"]
[BlackElo "2482"]
[Annotator "TA"]
[PlyCount "81"]
[EventDate "2019.04.06"]
[EventType "swiss"]
[EventCountry "THA"]
[SourceTitle "playchess.com"]
[Source "ChessBase"]
[SourceQuality "1"]

{[%evp 10,81,27,27,28,25,18,16,21,14,29,0,43,38,32,37,32,32,39,26,37,32,31,18,18,13,12,12,12,10,19,0,0,0,0,-15,0,-14,0,0,0,0,0,0,0,0,0,0,0,0,0,0,0,0,135,17,124,0,0,0,0,0,0,0,0,0,0,0,0,0,0,0,8,0]} 1. e4 e6 2. d4 d5 3. Nc3 Nf6 4. Bg5 dxe4 5. Nxe4 Nbd7 6. Nxf6+ Nxf6 {C13: French: Classical System: 4 Bg5 Be7, Alekhine-Chatard Attack} 7. c3 (7. Nf3 c5 8. dxc5 Bxc5 9. Bb5+ Bd7 10. Bxd7+ Qxd7 11. Qxd7+ Nxd7 12. Ke2 Rc8 13. c4 b6 14. Bd2 e5 15. b4 Be7 16. c5 bxc5 17. bxc5 Nxc5 18. Rhc1 h6 19. a3 a6 20. Be3 e4 21. Nd2 f5 22. Nc4 {½-½ (22) Kokarev,D (2651)-Volkov,S (2617) Taganrog 2017}) 7... h6 8. Bh4 Qd5 {[#] Hoping for ...Qe4+.} 9. Nf3 Bd7 $146 ({Predecessor:} 9... Bd6 10. Bd3 Bd7 11. O-O Bb5 12. Bxb5+ Qxb5 13. Qc2 Qc6 {½-½ (55) Profitlich,W (2068)-Langheld,W (2038) GER email 2009}) 10. Be2 Bb5 (10... g5 $5 {[%cal Rg5h4]} 11. Bg3 g4 $11) 11. O-O Bxe2 12. Qxe2 Be7 13. Rfe1 c6 14. c4 Qa5 15. Ne5 O-O 16. Bxf6 Bxf6 17. Nd7 Rfd8 18. Nxf6+ gxf6 19. Red1 Rd7 20. Qf3 Rad8 21. Qxf6 Qg5 22. Qf3 Rxd4 23. b3 Rxd1+ 24. Rxd1 $11 {[%mdl 4096] Endgame KQR-KQR} Rd2 25. a4 Rxd1+ 26. Qxd1 {KQ-KQ} b5 27. h4 Qxh4 {White must now prevent ...bxa4.} 28. axb5 cxb5 29. c5 {Threatens to win with c6.} Qe4 30. Qc1 {Strongly threatening c6.} Qc6 31. b4 e5 (31... Kf8 $11 {keeps the balance.}) 32. Qc3 ({White should try} 32. Qa3 $16) 32... Qc7 {[#]} (32... f6 $11 {remains equal.}) 33. c6 ({Better is} 33. Qd3 $1 $16) 33... a6 {The position is equal.} 34. g4 Kf8 35. Qc5+ Kg7 36. Kg2 Kf6 37. Kh3 Ke6 38. f3 Kf6 39. Qc1 Ke6 40. Qc5 Kf6 41. Qc1 {Accuracy: White = 64%, Black = 71%.} 1/2-1/2

[Event "19th Bangkok Open 2019"]
[Site "Bangkok"]
[Date "2019.04.14"]
[Round "9.4"]
[White "Kunte, Abhijit"]
[Black "Zhao, Zong-Yuan"]
[Result "0-1"]
[WhiteElo "2485"]
[BlackElo "2529"]
[Annotator "TA"]
[PlyCount "156"]
[EventDate "2019.04.06"]
[EventType "swiss"]
[EventCountry "THA"]
[SourceTitle "playchess.com"]
[Source "ChessBase"]
[SourceQuality "1"]

{[%evp 10,156,8,0,14,0,23,0,0,0,0,0,0,-5,0,-3,3,-15,0,0,0,0,-16,-28,-40,-13,-19,-33,-13,-32,-33,-48,-56,-31,-22,-25,-34,-120,-125,-113,-108,-102,-116,-120,-91,-187,-186,-177,-178,-172,-137,-251,-156,-261,-114,-116,-115,-114,-102,-117,-112,-110,-117,-128,-126,-159,-128,-137,-142,-173,-172,-166,-162,-197,-180,-179,-165,-170,-148,-178,-135,-204,-157,-204,-204,-250,-262,-260,-260,-283,-283,-303,-288,-288,-288,-341,-308,-339,-323,-329,-326,-336,-336,-479,-467,-568,-563,-501,-415,-378,-320,-303,-276,-243,-253,-336,-347,-344,-316,-302,-291,-265,-266,-1178,-1163,-1112,-1085,-1059,-929,-29968,-29969,-29975,-29976,-29988,-29989,-29989,-29980,-29980,-29981,-29981,-29982,-29982,-29983,-29981,-29982,-29982,-29983,-29983,-29984]} 1. Nf3 c5 2. g3 Nc6 3. Bg2 g6 4. c4 Bg7 5. Nc3 d6 6. a3 Nh6 {A37: Symmetrical English vs ...g6: 4 Bg2 Bg7 5 Nf3} (6... e6 7. b4 Nge7 8. O-O O-O 9. Bb2 cxb4 10. axb4 Nxb4 11. Qb3 Nec6 12. Nb5 Bxb2 13. Qxb2 a6 14. Nbd4 {0-1 (79) Eljanov,P (2707)-Jakovenko,D (2721) Palma de Mallorca 2017}) 7. d3 Nf5 8. Bd2 Qd7 $146 {The position is equal.} ({Predecessor:} 8... a5 9. Rb1 O-O 10. h4 h6 11. Qc1 h5 {½-½ (57) Manolache,M (2518)-Iordachescu,V (2597) Sovata 2018}) 9. b4 cxb4 10. axb4 Nxb4 11. O-O O-O 12. Qa4 a5 13. Rfb1 Ra6 14. Ne1 Qd8 15. Qd1 e6 16. Nc2 Nxc2 17. Qxc2 {[#]} d5 $1 {[%mdl 512]} 18. cxd5 exd5 19. Ra3 $1 Re8 20. Qa2 d4 21. Ne4 {[%cal Rd2a5]} Be6 22. Qb2 Bd5 23. Rba1 (23. Bg5 $15 Ne7 24. Bf4) 23... Rb6 $36 {[%mdl 2048] Black is in control.} 24. Qc2 Rc6 25. Qa4 b6 26. Rb1 Ne7 27. Bg5 (27. Bf4 $17 {is a better defense.}) 27... h6 $19 28. Bxe7 Rxe7 29. Qb5 Rd7 30. Nd2 (30. Bf3 $17) 30... Re6 31. Nc4 (31. Bh3 $17 {keeps fighting.} f5 32. Nc4) 31... Bxc4 ({Not} 31... Rxe2 32. Bxd5 Rxd5 33. Qxb6 $11) (31... Bxg2 $19 32. Kxg2 Bf8) 32. dxc4 $17 Bf8 33. Ra2 Bc5 34. Bh3 f5 35. Bg2 Kg7 36. Rd1 Qe7 37. Rad2 Rdd6 38. Bf3 h5 39. h3 Kh6 40. Kg2 h4 41. g4 Qf6 42. Rd3 Qe5 43. Qa4 Qf4 44. Qa1 Kh7 45. Qa2 (45. Rg1 $17) 45... Re7 46. Qc2 Rf6 47. Qd2 fxg4 48. hxg4 Qxd2 49. R3xd2 a4 {[%cal Ba5a4,Ba4a3][%mdl 32]} 50. Ra2 a3 51. Rd3 Ra7 52. Rb3 Ra4 53. Bd5 Kh6 54. f3 Kg5 55. Kh3 Rf8 56. Be4 (56. Kg2 $142) 56... Rxc4 $19 57. Rbxa3 Bxa3 58. Rxa3 {[%mdl 4096] Endgame KRR-KRB} Rb8 59. Ra7 {intending Rf7.} Kf4 60. Bxg6 b5 61. Re7 b4 62. Kxh4 {[%csl Gf3,Gg6][%cal Re7e4]} Rh8+ 63. Bh5 {[%csl Gf3][%cal Re7e4] [#]} d3 $1 {[%cal Rd3d2][%mdl 512]} 64. exd3 Rd4 65. Rf7+ Ke3 {aiming for ...Rb8.} 66. Kg5 $2 (66. Rb7 Kxf3 67. Kh3) 66... Rb8 67. Re7+ Kxf3 68. Kf6 b3 69. g5+ Kf4 {Black mates.} 70. Bd1 Rd6+ 71. Re6 Rxe6+ 72. Kxe6 Kxg5 {KR-KB} 73. d4 b2 74. Bc2 b1=Q 75. Bxb1 Rxb1 76. d5 Re1+ 77. Kf7 {[#]} Rd1 $1 78. Ke6 Kg6 {Accuracy: White = 42%, Black = 74%.} 0-1

[Event "19th Bangkok Open 2019"]
[Site "Bangkok"]
[Date "2019.04.14"]
[Round "9.5"]
[White "Schebler, Gerhard"]
[Black "Stella, Andrea"]
[Result "0-1"]
[WhiteElo "2385"]
[BlackElo "2512"]
[Annotator "TA"]
[PlyCount "49"]
[EventDate "2019.04.06"]
[EventType "swiss"]
[EventCountry "THA"]
[SourceTitle "playchess.com"]
[Source "ChessBase"]
[SourceQuality "1"]

{[%evp 19,49,11,31,7,7,-4,-6,-9,-13,-5,0,0,0,-83,-81,-74,-71,-72,-72,-72,-76,-78,-75,-81,-76,-102,-68,-121,0,-120,-113,-158]} 1. e4 e6 2. d4 d5 3. exd5 exd5 4. Nf3 Bd6 5. Bd3 Nc6 6. O-O Bg4 7. Re1+ Nge7 8. c3 Qd7 9. Nbd2 f6 10. b4 {[%cal Bb2b4,Bb4b5][%mdl 32]} O-O 11. b5 {C01: French: Exchange Variation} (11. Nf1 Rae8 12. a4 Ng6 13. Ne3 Be6 14. g3 Nce7 15. Ra2 Nf5 16. Ng2 Bf7 17. Rae2 Rxe2 18. Rxe2 Re8 {½-½ (40) Leko,P (2731)-Morozevich,A (2724) Sochi 2014}) 11... Na5 12. Qa4 b6 13. Ba3 {The position is equal.} Bxa3 14. Qxa3 Rfe8 $146 ({Predecessor:} 14... Rae8 15. h3 Bh5 16. Nh4 g5 17. Nhf3 {½-½ (30) Straka,J (2317)-Andreev,E (2478) Frydek Mistek 2012}) 15. Qb4 Ng6 16. Rac1 (16. Re3 $11) 16... Nf4 $17 17. Bf1 Bf5 18. g3 {[#]} Nd3 $1 {[%cal Rd3b4]} 19. Bxd3 Bxd3 20. a4 a6 {[%cal Ra6b5]} 21. bxa6 Bxa6 22. Kg2 Nc4 23. Ra1 (23. Nxc4 $1 $15 dxc4 24. Kg1) 23... Na5 (23... Nxd2 $17 24. Nxd2 Bd3) 24. h3 (24. Rac1 $1 $11 {remains equal.}) 24... Bd3 25. Kg1 {Accuracy: White = 31%, Black = 56%.} 0-1

[Event "19th Bangkok Open 2019"]
[Site "Bangkok"]
[Date "2019.04.14"]
[Round "9.6"]
[White "Karthik Venkataraman"]
[Black "Roy, Prantik"]
[Result "1-0"]
[WhiteElo "2505"]
[BlackElo "2374"]
[Annotator "TA"]
[PlyCount "75"]
[EventDate "2019.04.06"]
[EventType "swiss"]
[EventCountry "THA"]
[SourceTitle "playchess.com"]
[Source "ChessBase"]
[SourceQuality "1"]

{[%evp 13,74,-11,5,-2,8,-22,-22,-41,44,26,51,84,81,67,82,82,68,67,70,11,135,138,147,145,136,151,229,202,330,318,329,329,344,308,312,283,320,314,441,438,505,505,502,495,578,605,574,562,962,949,1075,450,1849,1739,1458,989,29992,29962,29995,29996,29998,29999,29999]} 1. Nf3 Nf6 2. c4 c6 3. Nc3 d5 4. d4 e6 5. g3 Nbd7 6. Bg2 dxc4 7. O-O Bb4 {LiveBook: 43 Games} 8. e4 {[%cal Be2e4,Be4e5][%mdl 32] E01: Catalan: Early deviations} (8. a4 O-O 9. Qc2 Qe7 10. Rd1 a5 11. Na2 Bd6 12. Qxc4 e5 13. Nc3 h6 14. Nh4 Bb4 15. Ng6 Qe8 16. Nxf8 Qxf8 17. dxe5 Nxe5 {1-0 (58) Lenderman,A (2630)-Dreev,A (2649) chess.com INT 2018}) 8... O-O 9. e5 Nd5 10. Qc2 $146 {The position is equal.} ({Predecessor:} 10. Ng5 h6 11. Nge4 b5 12. a4 Qb6 13. Qg4 Kh8 14. Rd1 Be7 15. Qh5 b4 16. Bxh6 gxh6 17. Qxh6+ {½-½ (26) Ahmad,A (2271)-Mohammed,Z (2274) Khartoum 2016}) 10... Nxc3 (10... Be7 $15) 11. Ng5 $14 {[%csl Gg5][%cal Rc2h7] [#]} g6 {And now ...Nd5 would win.} 12. bxc3 Be7 13. h4 Nb6 14. Qe2 Nd5 15. Qxc4 b5 $1 {[%cal Rb5c4]} 16. Qd3 (16. Qb3 $1 $14) 16... a5 (16... b4 $1 $11 {remains equal.}) 17. Ne4 $16 Ba6 18. Bg5 b4 19. c4 f5 (19... Nc3 $16) 20. Nc5 $18 Nc7 (20... Bxg5 {was necessary.} 21. hxg5 (21. Nxe6 Qe7 $16) 21... Qc8) 21. Bxc6 Bxg5 22. Bxa8 Bxh4 23. Nxa6 ({But not} 23. gxh4 Qxa8 24. a3 b3 $18) 23... Nxa6 24. Bg2 ({Resist} 24. gxh4 Qxa8 25. Rad1 Rc8 $18) 24... Be7 25. Rfd1 Qb6 (25... f4 $142 26. g4 Bh4) 26. c5 Qa7 27. Qc4 Nc7 28. Rac1 f4 29. d5 exd5 30. Bxd5+ Kg7 31. Bc6 fxg3 32. fxg3 (32. Rd7 $142 gxf2+ 33. Kg2) 32... Bg5 (32... Qa6 $142) 33. Rd7+ Kh8 34. Rf1 {[%cal Rf1f8] [#]} Be3+ 35. Kg2 {[%cal Rf1f8] White mates.} Rxf1 36. Qxf1 {[%cal Rf1f8]} Qxc5 37. Qf6+ Kg8 38. Qg7# {Precision: White = 54%, Black = 24%.} 1-0

[Event "19th Bangkok Open 2019"]
[Site "Bangkok"]
[Date "2019.04.14"]
[Round "9.7"]
[White "Duong, The Anh"]
[Black "Vasquez Schroeder, Rodrigo"]
[Result "1/2-1/2"]
[WhiteElo "2302"]
[BlackElo "2487"]
[Annotator "TA"]
[PlyCount "34"]
[EventDate "2019.04.06"]
[EventType "swiss"]
[EventCountry "THA"]
[SourceTitle "playchess.com"]
[Source "ChessBase"]
[SourceQuality "1"]

{[%evp 12,34,20,-1,58,45,59,27,20,27,41,25,21,24,8,8,39,38,60,46,70,79,99,54,102]} 1. d4 Nf6 2. Bg5 Ne4 3. Bf4 c5 4. f3 Qa5+ 5. c3 Nf6 6. d5 Qb6 7. b3 g6 {A45: Trompowsky Attack} (7... e6 $1 $11) (7... e6 8. e4 exd5 9. exd5 Bd6 10. Bg5 Be7 11. c4 Qd6 12. Qe2 O-O 13. Qe3 Re8 14. Ne2 Bd8 15. Qc1 Qe5 16. Nbc3 Nxd5 17. Nxd5 Bxg5 {½-½ (29) Kryakvin,D (2592)-Belous,V (2555) Voronezh 2018}) 8. e4 d6 9. Bd3 Bg7 {White has an edge.} 10. Ne2 Nbd7 11. Nd2 Ne5 $146 ({Predecessor:} 11... O-O 12. Nc4 Qc7 13. a4 Nb6 14. Na3 Nbd7 15. O-O {½-½ (78) Nikolova,A (2034)-Motuzova,M (1963) ICCF email 2011}) 12. Bc2 O-O 13. O-O c4+ 14. Kh1 cxb3 15. axb3 Bd7 16. Bg3 Rfc8 17. h3 {f4 is the strong threat.} Be8 1/2-1/2

[Event "19th Bangkok Open 2019"]
[Site "Bangkok"]
[Date "2019.04.14"]
[Round "9.8"]
[White "Lalith Babu M R"]
[Black "Sarbojit Paul"]
[Result "1-0"]
[WhiteElo "2577"]
[BlackElo "1984"]
[Annotator "TA"]
[PlyCount "61"]
[EventDate "2019.04.06"]
[EventType "swiss"]
[EventCountry "THA"]
[SourceTitle "playchess.com"]
[Source "ChessBase"]
[SourceQuality "1"]

{[%evp 20,61,0,-9,10,1,25,-16,-26,-18,-16,-29,-21,-18,-20,-20,0,-14,45,47,239,230,231,211,213,206,223,216,210,204,397,392,379,488,471,352,721,318,624,608,930,920,881,863]} 1. c4 e5 2. Nc3 Nf6 3. g3 d5 4. cxd5 Nxd5 5. Bg2 Nb6 6. Nf3 Nc6 7. a3 a5 8. O-O Be7 9. d3 O-O 10. Bd2 Be6 11. Na4 {LiveBook: 5 Games} f6 {A29: English Opening: Four Knights Variation with 4 g3} (11... Nxa4 12. Qxa4 Qd7 13. Rac1 f6 14. Be3 Rfd8 15. Rfd1 Nd4 16. Qxd7 Rxd7 17. Bxd4 exd4 18. Nd2 Rb8 19. Nc4 {0-1 (53) Skomorokhin,R (2415)-Nakhapetiane,P (2495) Togliatti 2011}) 12. Rc1 Qd7 13. Nc5 Bxc5 $1 {The position is equal.} 14. Rxc5 a4 15. Qc2 $146 ({Predecessor:} 15. Qb1 Rfe8 16. Rfc1 Kh8 17. e3 Bd5 18. e4 Be6 19. Be3 {½-½ (44) Tvrdon,P-Kuchyna,S (1977) ICCF email 2010}) 15... Rfc8 16. Rc1 Bb3 17. Qb1 $1 Bd5 18. Bc3 Nd8 ({Better is} 18... Rd8 $11) 19. Ba5 $14 {Threatens to win with Bxb6.} Qe6 $2 {[#]} (19... Bc6 $14) 20. Bxb6 $1 $18 cxb6 {[#]} 21. Ng5 $1 {[%mdl 512]} bxc5 (21... fxg5 22. Bxd5) 22. Nxe6 Bxe6 23. f4 exf4 24. gxf4 Ra6 $2 {[#]} (24... Nc6 25. e3 (25. Rxc5 Nd4 $18) 25... Ra5) 25. d4 $1 {[%mdl 512]} cxd4 26. Rxc8 Bxc8 27. Qe4 {[%cal Re4e8]} Be6 $2 (27... Kf8 28. Qxh7 Rd6 29. Qh8+ Kf7) 28. Qxd4 (28. f5 $142) 28... Nc6 $2 (28... Ra8 29. Qd6 Bf7) 29. Qd6 {White is clearly winning.} Na5 30. Qb8+ Kf7 31. Bxb7 {Precision: White = 70%, Black = 16%.} 1-0

[Event "19th Bangkok Open 2019"]
[Site "Bangkok"]
[Date "2019.04.14"]
[Round "9.9"]
[White "Habla, Jony"]
[Black "Ly, Moulthun"]
[Result "0-1"]
[WhiteElo "2146"]
[BlackElo "2490"]
[Annotator "ChessBase"]
[PlyCount "149"]
[EventDate "2019.04.06"]
[EventType "swiss"]
[EventCountry "THA"]
[SourceTitle "playchess.com"]
[Source "ChessBase"]
[SourceQuality "1"]
[TimeControl "40/5400+30:1800+30"]

1. d4 {[%emt 0:00:52]} g6 {[%emt 0:00:00]} 2. c4 {[%emt 0:00:08]} Bg7 {[%emt 0:00:00]} 3. Nc3 {[%emt 0:00:19]} d6 {[%emt 0:00:12]} 4. e4 {[%emt 0:02:09]} Nf6 {[%emt 0:00:16]} 5. h3 {[%emt 0:03:41]} O-O {[%emt 0:00:10]} 6. Nf3 {[%emt 0:00:19]} e5 {[%emt 0:00:08]} 7. d5 {[%emt 0:00:49]} Na6 {[%emt 0:00:44]} 8. Bg5 {[%emt 0:05:03]} Qe8 {[%emt 0:01:31]} 9. Be2 {[%emt 0:06:19]} Nh5 {[%emt 0:03:10]} 10. g3 {[%emt 0:08:51]} f5 {[%emt 0:01:54]} 11. exf5 {[%emt 0:04:24]} gxf5 {[%emt 0:02:15]} 12. Nh4 {[%emt 0:08:18]} Nf6 {[%emt 0:00:12]} 13. Qc2 {[%emt 0:11:38]} Nb4 {[%emt 0:10:59]} 14. Qd2 {[%emt 0:03:37]} a5 {[%emt 0:00:18]} 15. a3 {[%emt 0:17:02]} Na6 {[%emt 0:00:35]} 16. Qc2 {[%emt 0:00:11]} Nc5 {[%emt 0:02:39]} 17. Be3 {[%emt 0:03:55]} e4 {[%emt 0:16:48]} 18. Ng2 {[%emt 0:03:39]} Nfd7 {[%emt 0:01:36]} 19. Nf4 {[%emt 0:00:47]} Ne5 {[%emt 0:00:12]} 20. Rd1 {[%emt 0:03:05]} Bd7 {[%emt 0:06:38]} 21. O-O {[%emt 0:00:54]} Ng6 {[%emt 0:02:17]} 22. Bh5 {[%emt 0:00:42]} Be5 {[%emt 0:00:38]} 23. Kh1 {[%emt 0:03:19]} Qf7 {[%emt 0:00:26]} 24. Rg1 {[%emt 0:01:30]} Qg7 {[%emt 0:00:15]} 25. Qe2 {[%emt 0:06:20]} Kh8 {[%emt 0:01:39]} 26. Nb5 {[%emt 0:00:42]} c6 {[%emt 0:07:41]} 27. Nc3 {[%emt 0:02:33]} Rf7 {[%emt 0:12:48]} 28. Rg2 {[%emt 0:00:59]} Rg8 {[%emt 0:00:12]} 29. Rdg1 {[%emt 0:00:38]} Qf6 {[%emt 0:00:08]} 30. Bxg6 {[%emt 0:01:04]} hxg6 {[%emt 0:00:10]} 31. h4 {[%emt 0:00:32]} Rh7 {[%emt 0:01:33]} 32. Rh2 {[%emt 0:00:23]} Nb3 {[%emt 0:03:08]} 33. Qd1 {[%emt 0:01:09]} Nd4 {[%emt 0:01:28]} 34. Bxd4 {[%emt 0:00:25]} Bxd4 {[%emt 0:00:03]} 35. Nh3 {[%emt 0:00:12]} e3 {[%emt 0:12:15]} 36. fxe3 {[%emt 0:00:47]} Bxe3 {[%emt 0:00:07]} 37. Rf1 {[%emt 0:00:12]} Re7 {[%emt 0:03:59]} 38. Qf3 {[%emt 0:00:31]} Rge8 {[%emt 0:01:14]} 39. Re2 {[%emt 0:00:51]} Bd4 {[%emt 0:02:42]} 40. Rfe1 {[%emt 0:00:00]} Rxe2 {[%emt 0:00:00]} 41. Rxe2 {[%emt 0:00:44]} Rxe2 {[%emt 0:07:13]} 42. Qxe2 {[%emt 0:07:26]} Qe5 {[%emt 0:01:08]} 43. Nf4 {[%emt 0:01:04]} Kg7 {[%emt 0:00:44]} 44. Kg2 {[%emt 0:03:37]} Kf7 {[%emt 0:03:41]} 45. Qd3 {[%emt 0:00:40]} Be3 {[%emt 0:01:37]} 46. Nfe2 {[%emt 0:04:02]} Bc5 {[%emt 0:04:11]} 47. a4 {[%emt 0:02:02]} Be3 {[%emt 0:01:25]} 48. Kf3 {[%emt 0:00:41]} Bh6 {[%emt 0:00:11]} 49. Kf2 {[%emt 0:00:41]} Ke7 {[%emt 0:00:57]} 50. Kf3 {[%emt 0:00:46]} Kd8 {[%emt 0:00:13]} 51. Kf2 {[%emt 0:01:13]} Kc7 {[%emt 0:00:08]} 52. b3 {[%emt 0:03:35]} f4 {[%emt 0:05:46]} 53. gxf4 {[%emt 0:03:24]} Bxf4 {[%emt 0:01:41]} 54. Qe4 {[%emt 0:01:27]} Qxe4 {[%emt 0:00:09]} 55. Nxe4 {[%emt 0:00:06]} Be5 {[%emt 0:00:05]} 56. Kf3 {[%emt 0:01:50]} Bf5 {[%emt 0:01:06]} 57. Nf4 {[%emt 0:00:29]} Kb6 {[%emt 0:04:19]} 58. Ke3 {[%emt 0:00:32]} Bxf4+ {[%emt 0:06:03]} 59. Kxf4 {[%emt 0:00:07]} cxd5 {[%emt 0:00:22]} 60. Nxd6 {[%emt 0:02:38]} Bc2 {[%emt 0:00:09]} 61. cxd5 {[%emt 0:00:13]} Bxb3 {[%emt 0:00:08]} 62. Ke5 {[%emt 0:00:11]} Bxa4 {[%emt 0:00:48]} 63. Nc4+ {[%emt 0:00:37]} Kb5 {[%emt 0:00:33]} 64. Nb2 {[%emt 0:00:08]} Bb3 {[%emt 0:00:39]} 65. Nd3 {[%emt 0:03:16]} b6 {[%emt 0:03:33]} 66. Kd4 {[%emt 0:00:13]} a4 {[%emt 0:00:53]} 67. d6 {[%emt 0:01:35]} Kc6 {[%emt 0:01:17]} 68. Ne5+ {[%emt 0:01:02]} Kxd6 {[%emt 0:00:07]} 69. Nxg6 {[%emt 0:00:06]} b5 {[%emt 0:00:28]} 70. Nf4 {[%emt 0:00:25]} a3 {[%emt 0:00:46]} 71. Kc3 {[%emt 0:00:28]} Bc4 {[%emt 0:00:13]} 72. h5 {[%emt 0:00:54]} b4+ {[%emt 0:00:19]} 73. Kc2 {[%emt 0:00:54]} b3+ {[%emt 0:00:11]} 74. Kc3 {[%emt 0:00:29]} b2 {[%emt 0:00:33]} 75. Kd4 {[%emt 0:01:06] Ke5+} 0-1

[Event "19th Bangkok Open 2019"]
[Site "Bangkok"]
[Date "2019.04.14"]
[Round "9.10"]
[White "Varshini, V."]
[Black "Villamayor, Buenaventura"]
[Result "1/2-1/2"]
[WhiteElo "2182"]
[BlackElo "2398"]
[Annotator "TA"]
[PlyCount "59"]
[EventDate "2019.04.06"]
[EventType "swiss"]
[EventCountry "THA"]
[SourceTitle "playchess.com"]
[Source "ChessBase"]
[SourceQuality "1"]

{[%evp 19,59,20,24,9,43,42,50,47,47,42,43,45,67,63,110,11,11,11,11,10,9,9,13,0,0,0,0,0,0,0,0,0,9,0,0,10,43,0,0,0,58,0]} 1. e4 g6 2. d4 Bg7 3. Nf3 d6 4. Bc4 Nf6 5. Nc3 O-O 6. O-O Nxe4 7. Nxe4 d5 8. Bd3 dxe4 9. Bxe4 Nd7 {[%cal Bb8d7,Bd7f6,Bf6d5,Bd5e3][%mdl 32]} 10. c3 c5 11. Be3 {B08: Pirc Defence: Classical System} (11. Bc2 cxd4 12. Nxd4 Ne5 13. Qe2 Bg4 14. Qe4 Qc8 15. Bb3 e6 16. Bf4 Bf5 17. Qe3 Nc4 18. Qe2 Na5 19. Nxf5 gxf5 {½-½ (43) Vitiugov,N (2722)-Dubov,D (2683) St Petersburg 2017}) 11... Nf6 12. Bc2 Nd5 13. dxc5 Nxe3 14. Qxd8 $1 Rxd8 15. fxe3 {[#]} Be6 $146 ({Predecessor:} 15... Bd7 16. Be4 Rac8 17. Bxb7 Rxc5 18. Rad1 Rc7 {1-0 (52) Astasio Lopez,D (2400)-Strikovic,A (2509) Elgoibar 2012}) 16. Bb3 Bd5 {[#]} 17. Rad1 (17. e4 $1 $16 {[%cal Re4d5]} Bxe4 {[#]} 18. Bxf7+ $1 {[%mdl 576] Decoy} Kxf7 19. Ng5+ {[%mdl 64] Double Attack, Discovered Attack (Double check)} Kg8 20. Nxe4) 17... Bxf3 $1 $11 18. gxf3 e6 19. Ba4 Rac8 20. Rxd8+ Rxd8 {[%mdl 4096] Endgame KRB-KRB} 21. c6 bxc6 22. Bxc6 Rd3 23. Be4 Rxe3 24. Kf2 Bh6 25. Rd1 f5 26. Rd8+ Kf7 27. Rd7+ Kg8 28. Rd8+ Kf7 29. Rd7+ (29. Bc6 $11) 29... Kg8 $14 30. Rd8+ {Accuracy: White = 49%, Black = 69%.} (30. Bd3 $14) 1/2-1/2

[Event "19th Bangkok Open 2019"]
[Site "Bangkok"]
[Date "2019.04.14"]
[Round "9.11"]
[White "Mohd Saprin, Amir Ghaazi"]
[Black "Sriram, Jha"]
[Result "0-1"]
[WhiteElo "1971"]
[BlackElo "2381"]
[Annotator "TA"]
[PlyCount "102"]
[EventDate "2019.04.06"]
[EventType "swiss"]
[EventCountry "THA"]
[SourceTitle "playchess.com"]
[Source "ChessBase"]
[SourceQuality "1"]

{[%evp 21,102,0,0,-57,-40,-71,-50,-64,-64,-76,-6,-1,-11,-12,8,-28,-10,-56,-13,-31,0,-11,-13,-45,-13,-20,0,-17,-15,-8,0,-175,-164,-507,-77,-166,-159,-172,-152,-194,-172,-212,-215,-272,-271,-329,-330,-363,-374,-482,-482,-625,-604,-1393,-1403,-1241,-641,-679,-550,-549,-543,-536,-531,-518,-486,-662,-628,-656,-630,-591,-608,-752,-752,-854,-853,-1693,-1686,-12829,-6926,-5389,-1713,-5493,-5360]} 1. Nf3 c5 2. c4 Nc6 3. Nc3 Nf6 4. g3 d5 5. cxd5 Nxd5 6. Bg2 Nc7 7. d3 e5 8. Be3 Be7 9. Rc1 O-O 10. O-O Bd7 11. Na4 b6 {[#]} 12. a3 {A34: Symmetrical English: 2 Nc3, lines with ...d5} (12. b4 $1 $11 {[%mdl 512]}) (12. b4 Nxb4 13. Nxe5 Be6 14. a3 Nbd5 15. Nc6 Qd7 16. Nxe7+ Qxe7 17. Bd2 Rad8 18. Nc3 Rfe8 19. Re1 Nxc3 20. Bxc3 {0-1 (65) Akhmetov,A (2357)-Jumabayev,R (2599) Almaty 2015}) 12... Rc8 13. Bd2 Re8 $146 ({Predecessor:} 13... Ne6 14. b4 cxb4 15. axb4 Ned4 16. Nxd4 Nxd4 17. Rxc8 Qxc8 18. Nb2 Bg4 {0-1 (33) Ursan,P (2147)-Womacka,M (2450) Arad 2018}) 14. b4 {Black is slightly better.} cxb4 15. axb4 Nb5 ({Black should play} 15... Bf8 $17) 16. Nc3 $1 $11 {[%cal Rc3b5]} Nxc3 17. Rxc3 Bf8 18. Rb3 Bg4 19. Bc3 b5 20. Qa1 Qb6 21. Re1 f6 22. Nd2 Be6 23. Rbb1 Red8 24. Nf3 Rc7 25. Qb2 Rdc8 26. Red1 $2 (26. Bd2 $1 $11) 26... Ne7 $36 {[%mdl 2048] Black is on the roll.} 27. Bd2 $2 (27. Rdc1 {is tougher.}) 27... Nd5 $2 (27... Rc2 $19 {and Black stays clearly on top.} 28. Qa1 Ra2 {[%mdl 64] Trapped Piece}) 28. Rbc1 (28. Qa1 $17) 28... Rxc1 29. Rxc1 Rxc1+ 30. Qxc1 Bxb4 31. Bxb4 Nxb4 32. Nd2 a5 33. Qc3 h6 34. h4 Na6 35. Ne4 b4 {[%cal Bb5b4,Bb4b3][%mdl 32] Black is clearly winning.} 36. Qc1 b3 {[#] Threatens to win with ...b2.} 37. Nxf6+ gxf6 38. Qxh6 Qd8 39. Be4 Qe7 {And now ...Nc5 would win.} 40. Qg6+ Kf8 41. Qh6+ Qg7 42. Qc1 f5 43. Bxf5 Bxf5 44. Qa3+ Qe7 45. Qxb3 Nc5 46. Qb8+ Kg7 47. Qb2 a4 {[%cal Ba5a4,Ba4a3][%mdl 32]} 48. f4 Nd7 49. e4 a3 50. Qd2 Qc5+ 51. Kh2 Qb6 {Accuracy: White =  9%, Black = 42%.} 0-1